[Event "16. Copenhagen Open"]
[Site "Copenhagen"]
[Date "1994.??.??"]
[Round "5"]
[White "Mortensen, Erling"]
[Black "Ward, Christopher"]
[Result "0-1"]
[WhiteElo "2470"]
[BlackElo "2495"]
[PlyCount "42"]
[EventDate "1994.??.??"]
[EventType "swiss"]
[EventRounds "10"]
[EventCountry "DEN"]
[SourceDate "2004.01.01"]

1. e4 c5 2. Nf3 d6 3. d4 cxd4 4. Nxd4 Nf6 5. Nc3 g6 6. Be3 Bg7 7. f3 Nc6 8. Qd2
O-O 9. O-O-O d5 10. Qe1 e6 11. Nb3 Qc7 12. exd5 Nxd5 13. Nxd5 exd5 14. Bc5 Rd8
15. Bb5 Bf5 16. Bxc6 Qxc6 17. Rd2 a5 18. Bd4 a4 19. Na1 Qc4 20. b3 axb3 21.
axb3 Bxd4 0-1

[Event "16. Copenhagen Open"]
[Site "Copenhagen"]
[Date "1994.??.??"]
[Round "5"]
[White "Molvig, Henrik"]
[Black "Flaata, Alexander"]
[Result "1-0"]
[WhiteElo "2240"]
[BlackElo "1900"]
[PlyCount "37"]
[EventDate "1994.??.??"]
[EventType "swiss"]
[EventRounds "10"]
[EventCountry "DEN"]
[SourceDate "2004.01.01"]

1. e4 c5 2. Nf3 d6 3. d4 cxd4 4. Nxd4 Nf6 5. Nc3 a6 6. Bg5 e6 7. f4 Be7 8. Qf3
Qc7 9. O-O-O b5 10. e5 Bb7 11. Qg3 dxe5 12. fxe5 Nh5 13. Qh4 Bxg5+ 14. Qxg5 g6
15. Bxb5+ axb5 16. Ndxb5 Qb6 17. Nd6+ Kf8 18. Rhf1 f5 19. exf6 1-0

[Event "16. Copenhagen Open"]
[Site "Copenhagen"]
[Date "1994.??.??"]
[Round "5"]
[White "Nordenbaek, Jan"]
[Black "Gretarsson, Helgi Ass"]
[Result "0-1"]
[WhiteElo "2160"]
[BlackElo "2390"]
[PlyCount "82"]
[EventDate "1994.??.??"]
[EventType "swiss"]
[EventRounds "10"]
[EventCountry "DEN"]
[SourceDate "2004.01.01"]

1. e4 g6 2. d4 Bg7 3. Nf3 d6 4. c3 e5 5. Bc4 Nc6 6. h3 Nf6 7. dxe5 dxe5 8. Qe2
O-O 9. Bg5 h6 10. Bxf6 Qxf6 11. b4 a5 12. b5 Nd8 13. Nbd2 a4 14. Nf1 Qe7 15.
Ne3 Qa3 16. O-O Qxc3 17. Rab1 c6 18. Rfc1 Qa3 19. h4 Qe7 20. g3 h5 21. bxc6
bxc6 22. Rb6 Bh6 23. Qb2 Bxe3 24. fxe3 Re8 25. Ng5 Kh8 26. Rd1 Kg7 27. Rc1 f6
28. Nf3 Ra7 29. Nd2 Qc5 30. Rc3 a3 31. Qb3 Qa5 32. Rb8 Nb7 33. Bf7 Rd8 34. Be6
Bxe6 35. Qxe6 Qxc3 36. Qe7+ Kh6 37. Rxd8 Nxd8 38. Qxa7 Qxd2 39. Qxa3 Qd1+ 40.
Kf2 Qd2+ 41. Kf3 Kg7 0-1

[Event "16. Copenhagen Open"]
[Site "Copenhagen"]
[Date "1994.??.??"]
[Round "5"]
[White "Petersen, Steen"]
[Black "Backlund, Anders"]
[Result "0-1"]
[WhiteElo "2085"]
[BlackElo "2130"]
[PlyCount "36"]
[EventDate "1994.??.??"]
[EventType "swiss"]
[EventRounds "10"]
[EventCountry "DEN"]
[SourceDate "2004.01.01"]

1. e4 e6 2. d4 d5 3. Nd2 Nf6 4. e5 Nfd7 5. f4 c5 6. c3 Nc6 7. Ndf3 Qb6 8. Ne2
f6 9. g3 cxd4 10. cxd4 Bb4+ 11. Bd2 fxe5 12. fxe5 O-O 13. Bg2 Ndxe5 14. O-O
Nxf3+ 15. Rxf3 Rxf3 16. Bxf3 Nxd4 17. Kg2 Nxf3 18. Kxf3 Bd7 0-1

[Event "16. Copenhagen Open"]
[Site "Copenhagen"]
[Date "1994.??.??"]
[Round "5"]
[White "Pilgaard, Kim"]
[Black "Brodsky, Michail"]
[Result "1/2-1/2"]
[WhiteElo "2280"]
[BlackElo "2500"]
[PlyCount "82"]
[EventDate "1994.??.??"]
[EventType "swiss"]
[EventRounds "10"]
[EventCountry "DEN"]
[SourceDate "2004.01.01"]

1. c4 Nf6 2. Nc3 c5 3. e4 Nc6 4. g3 g6 5. Bg2 Bg7 6. Nge2 d6 7. O-O O-O 8. a3
Ne8 9. d3 Nc7 10. Rb1 a5 11. h3 Bd7 12. Kh2 Ne6 13. f4 Ned4 14. a4 f5 15. Nxd4
Bxd4 16. Ne2 Bg7 17. b3 Kh8 18. Bb2 e5 19. Nc3 exf4 20. Rxf4 Be5 21. Ne2 Qf6
22. Qd2 Qg7 23. Rff1 Rae8 24. Bc3 b6 25. Qb2 Rf7 26. Rbd1 fxe4 27. Rxf7 Qxf7
28. dxe4 Kg8 29. Qd2 Be6 30. Nf4 Re7 31. Rf1 Qe8 32. h4 Bf7 33. Qd3 Rd7 34. Bd2
Nd4 35. Be3 Rd8 36. Bh3 Kg7 37. Nd5 Bxd5 38. exd5 Bf6 39. Bxd4 cxd4 40. Be6 Qe7
41. Kg2 Rf8 1/2-1/2

[Event "16. Copenhagen Open"]
[Site "Copenhagen"]
[Date "1994.??.??"]
[Round "5"]
[White "Pioch, Thomas"]
[Black "Danielsen, Henrik"]
[Result "1/2-1/2"]
[WhiteElo "2165"]
[BlackElo "2480"]
[PlyCount "74"]
[EventDate "1994.??.??"]
[EventType "swiss"]
[EventRounds "10"]
[EventCountry "DEN"]
[SourceDate "2004.01.01"]

1. e4 c6 2. d3 e5 3. Nf3 Nf6 4. Nbd2 d6 5. Be2 Be7 6. O-O O-O 7. c3 Nbd7 8. d4
Re8 9. Re1 Bf8 10. Bf1 Qc7 11. Qc2 b6 12. b3 Bb7 13. Bb2 a6 14. Rad1 b5 15. c4
Rac8 16. h3 g6 17. c5 exd4 18. cxd6 Bxd6 19. Bxd4 c5 20. Bc3 Ne5 21. Nh4 Nh5
22. Ndf3 c4 23. Qd2 cxb3 24. Ba5 Nxf3+ 25. Nxf3 Bf4 26. Qb4 Qc5 27. Qxc5 Rxc5
28. axb3 Rxe4 29. Rd7 Bc6 30. Rd8+ Kg7 31. Rc8 Nf6 32. Rxe4 Nxe4 33. Bb4 Nd6
34. Rc7 Ne4 35. Rc8 Nd6 36. Rc7 Nf5 37. Rc8 Nd6 1/2-1/2

[Event "16. Copenhagen Open"]
[Site "Copenhagen"]
[Date "1994.??.??"]
[Round "5"]
[White "Schandorff, Lars"]
[Black "Neverov, Valery"]
[Result "1/2-1/2"]
[WhiteElo "2430"]
[BlackElo "2530"]
[PlyCount "54"]
[EventDate "1994.??.??"]
[EventType "swiss"]
[EventRounds "10"]
[EventCountry "DEN"]
[SourceDate "2004.01.01"]

1. e4 c5 2. c3 e6 3. d4 d5 4. e5 Nc6 5. Nf3 Qb6 6. a3 Nge7 7. b4 cxd4 8. cxd4
Nf5 9. Be3 Bd7 10. Bd3 Nxe3 11. fxe3 Be7 12. O-O Rc8 13. Qe1 O-O 14. Nc3 f5 15.
exf6 Bxf6 16. Na4 Qd8 17. Qb1 h6 18. Nc5 b6 19. Nxd7 Qxd7 20. Bb5 Qd6 21. Rc1
Ne7 22. Qd3 e5 23. dxe5 Bxe5 24. Rab1 Rcd8 25. Rc2 Rf6 26. Rd1 Kh8 27. Ba4 Rff8
1/2-1/2

[Event "16. Copenhagen Open"]
[Site "Copenhagen"]
[Date "1994.??.??"]
[Round "5"]
[White "Schreiber, Edwin"]
[Black "Nielsen, Soren Holst"]
[Result "0-1"]
[WhiteElo "2025"]
[BlackElo "2225"]
[PlyCount "86"]
[EventDate "1994.??.??"]
[EventType "swiss"]
[EventRounds "10"]
[EventCountry "DEN"]
[SourceDate "2004.01.01"]

1. e4 d5 2. exd5 Qxd5 3. Nc3 Qa5 4. d4 Nf6 5. Bd2 c6 6. Nf3 Bg4 7. h3 Bh5 8. g4
Bg6 9. Ne5 Qb6 10. Nxg6 hxg6 11. g5 Nh5 12. Qg4 e6 13. O-O-O Nd7 14. Be3 Qc7
15. Ne4 O-O-O 16. Bc4 Kb8 17. Rd3 Nb6 18. Bb3 Nd5 19. Bxd5 exd5 20. Nd2 Bd6 21.
Kb1 Rde8 22. c4 dxc4 23. Nxc4 Bf4 24. Rb3 Bxe3 25. fxe3 Ng3 26. Rg1 Ne4 27. Qg2
Rh5 28. Qc2 Rxg5 29. Rxg5 Nxg5 30. Ne5 Ka8 31. h4 Rh8 32. Qg2 Ne6 33. Qf2 Nd8
34. Rc3 Qe7 35. Nf3 Qe4+ 36. Kc1 Qg4 37. Rc5 Ne6 38. Rc3 f6 39. Rd3 a6 40. d5
cxd5 41. Rc3 g5 42. hxg5 Nxg5 43. Nxg5 Rh1+ 0-1

[Event "16. Copenhagen Open"]
[Site "Copenhagen"]
[Date "1994.??.??"]
[Round "5"]
[White "Sylvan, Jacob"]
[Black "Mortensen, Henrik"]
[Result "1-0"]
[WhiteElo "2185"]
[BlackElo "2150"]
[PlyCount "63"]
[EventDate "1994.??.??"]
[EventType "swiss"]
[EventRounds "10"]
[EventCountry "DEN"]
[SourceDate "2004.01.01"]

1. e4 c5 2. d4 cxd4 3. c3 dxc3 4. Nxc3 e6 5. Bc4 a6 6. Nf3 Qc7 7. Qe2 Nc6 8.
O-O Bd6 9. Rd1 Nge7 10. Be3 Ng6 11. g3 Nge5 12. Nxe5 Nxe5 13. Bb3 O-O 14. f4
Ng6 15. Qf2 Be7 16. Bb6 Qb8 17. Rac1 d6 18. Na4 Bd7 19. Bc7 Qa7 20. Nb6 Bc6 21.
Nxa8 Qxa8 22. Bxd6 Bxe4 23. Rc4 Bc6 24. Rcd4 Bxd6 25. Rxd6 Ne7 26. Qc5 Nd5 27.
f5 Nf6 28. fxe6 fxe6 29. Bxe6+ Kh8 30. Qb6 Nd5 31. Bxd5 Qe8 32. Bxc6 1-0

[Event "16. Copenhagen Open"]
[Site "Copenhagen"]
[Date "1994.??.??"]
[Round "5"]
[White "Sorensen, Henrik"]
[Black "Gasseholm, Finn"]
[Result "1-0"]
[WhiteElo "2245"]
[BlackElo "2140"]
[PlyCount "105"]
[EventDate "1994.??.??"]
[EventType "swiss"]
[EventRounds "10"]
[EventCountry "DEN"]
[SourceDate "2004.01.01"]

1. d4 Nf6 2. Nf3 g6 3. Bg5 Bg7 4. Nbd2 O-O 5. e4 d6 6. c3 Nbd7 7. Be2 e5 8.
dxe5 Nxe5 9. Nxe5 dxe5 10. O-O Be6 11. h3 Qd6 12. Qc2 h6 13. Be3 Qc6 14. a4 a6
15. Rfe1 Rfd8 16. b4 b5 17. Ra3 Ne8 18. Rea1 Nd6 19. Bc5 Rab8 20. axb5 axb5 21.
Ra6 Qd7 22. Be3 f5 23. f3 f4 24. Bf2 Qf7 25. Rc6 Ra8 26. Rca6 Rxa6 27. Rxa6 Kh7
28. Ra7 Nc4 29. Nxc4 Bxc4 30. Bc5 Bxe2 31. Qxe2 Qb3 32. Kh2 Qb1 33. Qa2 Qxa2
34. Rxa2 Kg8 35. Kg1 Rd3 36. Rc2 Kf7 37. Kf2 Ke6 38. Ke2 Rd8 39. Ra2 c6 40. Ra6
Rc8 41. c4 bxc4 42. b5 Kd7 43. Ra7+ Ke6 44. Re7+ Kf6 45. b6 Bf8 46. b7 Rd8 47.
Bb6 Rb8 48. Rd7 Ke6 49. Ba7 Re8 50. Rd1 Bd6 51. Rxd6+ Kxd6 52. b8=Q+ Rxb8 53.
Bxb8+ 1-0

[Event "16. Copenhagen Open"]
[Site "Copenhagen"]
[Date "1994.??.??"]
[Round "6"]
[White "Arkell, Keith"]
[Black "Maksimenko, Andrei"]
[Result "0-1"]
[WhiteElo "2500"]
[BlackElo "2475"]
[PlyCount "170"]
[EventDate "1994.??.??"]
[EventType "swiss"]
[EventRounds "10"]
[EventCountry "DEN"]
[SourceDate "2004.01.01"]

1. d4 Nf6 2. Nf3 d5 3. c4 e6 4. Nc3 c6 5. cxd5 exd5 6. Bg5 h6 7. Bh4 Bf5 8. e3
Nbd7 9. Bd3 Bxd3 10. Qxd3 Be7 11. O-O O-O 12. Rab1 a5 13. Qc2 Ne8 14. Bxe7 Qxe7
15. Na4 Nd6 16. Nc5 Nxc5 17. Qxc5 Qe6 18. b3 a4 19. Qb4 axb3 20. axb3 Ra2 21.
Ra1 Rfa8 22. Rxa2 Rxa2 23. Qb6 Qe7 24. Qb4 f6 25. Ne1 Kf7 26. Nd3 Ne4 27. Qxe7+
Kxe7 28. b4 Ra3 29. Nc5 Nd2 30. Nxb7 Nxf1 31. Kxf1 Ra4 32. h4 Rxb4 33. Nc5 h5
34. Nd3 Rb1+ 35. Ke2 g5 36. g3 Ke6 37. Kf3 Kf5 38. Nc5 Rc1 39. hxg5 fxg5 40.
g4+ hxg4+ 41. Kg3 Rh1 42. Nd3 Rh6 43. Nc5 Rh8 44. Nd3 Ra8 45. Nc5 Ra1 46. Nd3
Rg1+ 47. Kh2 Rd1 48. Nc5 Rd2 49. Kg3 Rc2 50. Nd3 Rc3 51. Nc5 Ra3 52. Nd7 Ra2
53. Nc5 Ra5 54. Nb3 Ra7 55. Nc5 Rc7 56. Nd3 Rb7 57. Nc5 Re7 58. Nd3 Rg7 59. Nc5
Rf7 60. Nd3 Rf6 61. Kg2 Rh6 62. Nc5 Rh3 63. Nd3 Rf3 64. Ne1 Rh3 65. Nd3 Rh7 66.
Nc5 Kg6 67. Nd3 Re7 68. Nb4 Re6 69. Kg3 Kh5 70. Nd3 Re4 71. Nb4 Re6 72. Nd3 Re8
73. Nb4 Rc8 74. Nd3 Rc7 75. Nb4 c5 76. dxc5 Rxc5 77. Kg2 Kh4 78. Nd3 Ra5 79.
Ne5 Ra6 80. Nd3 Ra2 81. Nb4 Rd2 82. Kf1 g3 83. fxg3+ Kxg3 84. Ke1 Rb2 85. Nxd5
Kf3 0-1

[Event "16. Copenhagen Open"]
[Site "Copenhagen"]
[Date "1994.??.??"]
[Round "6"]
[White "Baburin, Alexander"]
[Black "Ward, Christopher"]
[Result "1/2-1/2"]
[WhiteElo "2520"]
[BlackElo "2495"]
[PlyCount "37"]
[EventDate "1994.??.??"]
[EventType "swiss"]
[EventRounds "10"]
[EventCountry "DEN"]
[SourceDate "2004.01.01"]

1. d4 Nf6 2. c4 e6 3. Nc3 Bb4 4. Qc2 d5 5. cxd5 exd5 6. Bg5 h6 7. Bxf6 Qxf6 8.
a3 Ba5 9. b4 Bb6 10. e3 Be6 11. Nf3 Nd7 12. Be2 c6 13. O-O O-O 14. Na4 Rac8 15.
Qb3 Bd8 16. Rfc1 Be7 17. Ne1 b5 18. Nb2 Nb6 19. a4 1/2-1/2

[Event "16. Copenhagen Open"]
[Site "Copenhagen"]
[Date "1994.??.??"]
[Round "6"]
[White "Berg, Klaus"]
[Black "Aagaard, Jacob"]
[Result "1-0"]
[WhiteElo "2440"]
[BlackElo "2260"]
[PlyCount "63"]
[EventDate "1994.??.??"]
[EventType "swiss"]
[EventRounds "10"]
[EventCountry "DEN"]
[SourceDate "2004.01.01"]

1. d4 d5 2. c4 e6 3. Nc3 c6 4. cxd5 exd5 5. Nf3 Bd6 6. Bg5 Ne7 7. Qc2 h6 8. Bh4
Na6 9. a3 Qa5 10. e3 Nf5 11. Bg3 Nxg3 12. hxg3 Nc7 13. Bd3 Ne6 14. O-O Qd8 15.
b4 a6 16. Rab1 h5 17. Rfe1 Kf8 18. e4 dxe4 19. Nxe4 Be7 20. Bc4 h4 21. gxh4
Bxh4 22. Rbd1 Nf4 23. g3 Bg4 24. Nxh4 Rxh4 25. gxh4 Qxh4 26. Ng3 Nh3+ 27. Kf1
Ng5 28. Re3 Qh3+ 29. Kg1 Nf3+ 30. Rxf3 Bxf3 31. Bf1 Bxd1 32. Qc5+ 1-0

[Event "16. Copenhagen Open"]
[Site "Copenhagen"]
[Date "1994.??.??"]
[Round "6"]
[White "Bjerring, Kai"]
[Black "Jensen, Henrik W"]
[Result "0-1"]
[WhiteElo "2345"]
[BlackElo "2070"]
[PlyCount "112"]
[EventDate "1994.??.??"]
[EventType "swiss"]
[EventRounds "10"]
[EventCountry "DEN"]
[SourceDate "2004.01.01"]

1. e4 e5 2. Nf3 Nc6 3. Bb5 a6 4. Ba4 d6 5. c3 f5 6. d3 Nf6 7. Bg5 fxe4 8. dxe4
Be6 9. Nbd2 Be7 10. Bb3 Qd7 11. Bxf6 Bxf6 12. Bxe6 Qxe6 13. Qb3 Qxb3 14. axb3
Kf7 15. Nc4 Rad8 16. Ne3 Ne7 17. Ke2 h5 18. h4 Ke6 19. Rhd1 d5 20. exd5+ Nxd5
21. Nxd5 Rxd5 22. Rxd5 Kxd5 23. g3 Ke6 24. Ra5 Rd8 25. Nd2 Be7 26. Ne4 Rf8 27.
f3 Rf7 28. b4 Rf8 29. Nf2 Rd8 30. Nd3 Bd6 31. Ke3 Kf6 32. Ke4 Re8 33. c4 c6 34.
b5 Bc7 35. Ra4 cxb5 36. cxb5 a5 37. Ke3 Bb6+ 38. Ke2 Rc8 39. b4 Rc2+ 40. Kd1
Rc4 41. Nb2 Rxb4 42. Rxb4 axb4 43. Nc4 Bd4 44. Nd6 b6 45. g4 hxg4 46. fxg4 b3
47. Kc1 g6 48. Kb1 Ke6 49. Ne4 Kd5 50. Nd2 b2 51. h5 gxh5 52. gxh5 e4 53. h6 e3
54. Nf3 Bf6 55. h7 Ke4 56. Ne1 e2 0-1

[Event "16. Copenhagen Open"]
[Site "Copenhagen"]
[Date "1994.??.??"]
[Round "6"]
[White "Brinck Claussen, Bjorn"]
[Black "Andersen, Martin"]
[Result "1-0"]
[WhiteElo "2350"]
[BlackElo "2030"]
[PlyCount "79"]
[EventDate "1994.??.??"]
[EventType "swiss"]
[EventRounds "10"]
[EventCountry "DEN"]
[SourceDate "2004.01.01"]

1. e4 e5 2. Nf3 Nc6 3. Bb5 a6 4. Bxc6 dxc6 5. O-O Qf6 6. d4 exd4 7. Bg5 Qd6 8.
Qxd4 Qxd4 9. Nxd4 Bc5 10. Nb3 Bd6 11. N1d2 f6 12. Bh4 Ne7 13. Bg3 Be6 14. f4
Nc8 15. Nd4 Bc5 16. Bf2 Bxd4 17. Bxd4 Nd6 18. f5 Bd7 19. g4 Nf7 20. Nf3 O-O 21.
Rad1 Rad8 22. e5 fxe5 23. Bxe5 Nxe5 24. Nxe5 Bc8 25. Kg2 Rd5 26. Rfe1 Rfd8 27.
Rd3 c5 28. Kg3 Kf8 29. Rxd5 Rxd5 30. Nf3 b6 31. Kf4 c4 32. c3 b5 33. Re5 Rd3
34. Rc5 Bb7 35. Ne5 Rd2 36. Rxc7 Bh1 37. Rf7+ Ke8 38. Rxg7 Rxb2 39. Rxh7 Rxa2
40. f6 1-0

[Event "16. Copenhagen Open"]
[Site "Copenhagen"]
[Date "1994.??.??"]
[Round "6"]
[White "Brodsky, Michail"]
[Black "Isaksen, Brian"]
[Result "1-0"]
[WhiteElo "2500"]
[BlackElo "2245"]
[PlyCount "111"]
[EventDate "1994.??.??"]
[EventType "swiss"]
[EventRounds "10"]
[EventCountry "DEN"]
[SourceDate "2004.01.01"]

1. e4 c5 2. Nf3 e6 3. d4 cxd4 4. Nxd4 Nf6 5. Nc3 d6 6. g4 h6 7. h4 Nc6 8. Rg1
h5 9. gxh5 Nxh5 10. Bg5 Nf6 11. Qd2 Qb6 12. Nb3 a6 13. O-O-O Qc7 14. Be2 Bd7
15. Kb1 O-O-O 16. h5 Be7 17. Rh1 Kb8 18. Qf4 Ne5 19. h6 Ng6 20. Qf3 Ne5 21.
hxg7 Rhg8 22. Bxf6 Nxf3 23. Bxe7 Bc6 24. Bxd8 Qxd8 25. Bxf3 Rxg7 26. Nd4 Qf6
27. Rd3 Kc7 28. a3 Rg8 29. Rhd1 Rd8 30. Be2 Be8 31. f3 Qe5 32. Bf1 Qh5 33. f4
Bc6 34. Nde2 Rd7 35. Bg2 Qc5 36. Nd4 Rd8 37. Bh3 Re8 38. f5 Bd7 39. fxe6 fxe6
40. Nb3 Qe5 41. Rxd6 Qxd6 42. Rxd6 Kxd6 43. Nc1 Rh8 44. Bg2 Ke5 45. Nd3+ Kd4
46. e5 b6 47. Kc1 Rh2 48. Bb7 a5 49. Ne1 Ke3 50. Nd1+ Ke2 51. Nf3 Rh7 52. Nd4+
Ke1 53. Ne3 b5 54. b4 axb4 55. axb4 Rh3 56. Ng4 1-0

[Event "16. Copenhagen Open"]
[Site "Copenhagen"]
[Date "1994.??.??"]
[Round "6"]
[White "Backlund, Anders"]
[Black "Hedman, Erik"]
[Result "1-0"]
[WhiteElo "2130"]
[BlackElo "2285"]
[PlyCount "78"]
[EventDate "1994.??.??"]
[EventType "swiss"]
[EventRounds "10"]
[EventCountry "DEN"]
[SourceDate "2004.01.01"]

1. e4 c5 2. Nf3 Nc6 3. d4 cxd4 4. Nxd4 Nf6 5. Nc3 e6 6. Ndb5 d6 7. Bf4 e5 8.
Bg5 a6 9. Na3 b5 10. Nd5 Be7 11. Bxf6 Bxf6 12. c3 O-O 13. Nc2 Rb8 14. Be2 Bg5
15. O-O Ne7 16. Ncb4 Bb7 17. Nxe7+ Bxe7 18. Nd5 Bxd5 19. Qxd5 Qb6 20. Rad1 Rbc8
21. Qb3 Qc6 22. Qd5 Qb6 23. Qb3 Rb8 24. Rd3 Rfc8 25. Rfd1 Rb7 26. Rd5 Qc6 27.
Qc2 Rb6 28. Qd3 Qb7 29. Qg3 Rbc6 30. h4 Rf8 31. Qg4 g6 32. h5 Kg7 33. g3 f5 34.
exf5 Rxf5 35. hxg6 Rg5 36. Qe4 Rxg6 37. Bf3 Rc4 38. R5d4 Qxe4 39. Rxe4 Rc7 1-0

[Event "16. Copenhagen Open"]
[Site "Copenhagen"]
[Date "1994.??.??"]
[Round "6"]
[White "Christensen, Bo Garner"]
[Black "Roder, Peter"]
[Result "1-0"]
[WhiteElo "2225"]
[BlackElo "2205"]
[PlyCount "133"]
[EventDate "1994.??.??"]
[EventType "swiss"]
[EventRounds "10"]
[EventCountry "DEN"]
[SourceDate "2004.01.01"]

1. d4 Nf6 2. Nf3 g6 3. c4 c5 4. Nc3 cxd4 5. Nxd4 Nc6 6. e4 d6 7. Be2 Bg7 8. Be3
O-O 9. O-O Bd7 10. f4 Nxd4 11. Bxd4 Bc6 12. Bf3 a6 13. Nd5 e6 14. Bb6 Qd7 15.
Nxf6+ Bxf6 16. Qd2 Bd8 17. Bf2 b5 18. cxb5 axb5 19. Rfd1 Qb7 20. Qxd6 Bxe4 21.
Bxe4 Qxe4 22. Rd4 Qf5 23. h3 Bf6 24. g4 Qc2 25. Rd2 Qc4 26. b3 Qc3 27. Rad1
Qxh3 28. g5 Bg7 29. Bc5 e5 30. fxe5 Rfe8 31. Qd5 Rac8 32. Rf1 Qe6 33. Qxe6 Rxe6
34. Rd5 Rxe5 35. Rxe5 Bxe5 36. Bb4 Bc3 37. Be7 Re8 38. Bd6 Bd2 39. Bf4 Bxf4 40.
Rxf4 Re5 41. Rg4 Re1+ 42. Kf2 Ra1 43. a4 Rb1 44. Rg3 Rb2+ 45. Ke1 bxa4 46. bxa4
Rb4 47. Ra3 Rg4 48. a5 Rxg5 49. a6 Re5+ 50. Kd2 Re8 51. Kd3 f5 52. Kc4 Kf7 53.
Kb5 Kf6 54. Rc3 g5 55. Kb6 Ra8 56. Kb7 Rxa6 57. Kxa6 f4 58. Kb5 g4 59. Kc4 g3
60. Kd3 Kg5 61. Ke4 Kg4 62. Rc8 h5 63. Rg8+ Kh3 64. Kxf4 h4 65. Kf3 Kh2 66. Rg7
Kh3 67. Rh7 1-0

[Event "16. Copenhagen Open"]
[Site "Copenhagen"]
[Date "1994.??.??"]
[Round "6"]
[White "Flaata, Alexander"]
[Black "Petersen, Sren Boeck"]
[Result "0-1"]
[WhiteElo "1900"]
[BlackElo "2235"]
[PlyCount "50"]
[EventDate "1994.??.??"]
[EventType "swiss"]
[EventRounds "10"]
[EventCountry "DEN"]
[SourceDate "2004.01.01"]

1. e4 e6 2. d3 d5 3. Nd2 Nf6 4. Ngf3 b6 5. e5 Nfd7 6. g3 c5 7. c3 Nc6 8. d4 Qc7
9. a3 Be7 10. Qe2 O-O 11. Bg2 a5 12. h4 Ba6 13. Qd1 f6 14. exf6 Bxf6 15. Ng5
cxd4 16. Qh5 h6 17. Ndf3 dxc3 18. Qg6 Bxg5 19. hxg5 Nde5 20. Qxe6+ Nf7 21. Be3
cxb2 22. Rb1 Rae8 23. Qg4 Nb4 24. Nd4 Qc3+ 25. Kd1 Qd3+ 0-1

[Event "16. Copenhagen Open"]
[Site "Copenhagen"]
[Date "1994.??.??"]
[Round "6"]
[White "Furhoff, Johan"]
[Black "Hoi, Carsten"]
[Result "0-1"]
[WhiteElo "2320"]
[BlackElo "2425"]
[PlyCount "80"]
[EventDate "1994.??.??"]
[EventType "swiss"]
[EventRounds "10"]
[EventCountry "DEN"]
[SourceDate "2004.01.01"]

1. e4 g6 2. f4 Bg7 3. Nf3 d6 4. Nc3 Nf6 5. g3 O-O 6. Bg2 Bg4 7. d3 Nc6 8. h3
Bxf3 9. Qxf3 Nd4 10. Qf2 c5 11. O-O Rb8 12. g4 b5 13. g5 Nh5 14. Nd5 e6 15. Ne3
Nxf4 16. Ng4 Nde2+ 17. Kh2 Be5 18. Nxe5 dxe5 19. Be3 Nd4 20. c3 Nxd3 21. Qd2
Nc6 22. Rf6 c4 23. Raf1 b4 24. b3 cxb3 25. axb3 bxc3 26. Qxc3 Ncb4 27. Rd1 Rc8
28. Qa1 Rc2 29. Qxa7 Rxg2+ 30. Kxg2 Nf4+ 31. Rxf4 Qxd1 32. Rf2 Nd3 33. Rd2 Qxb3
34. Qd7 Nf4+ 35. Bxf4 exf4 36. Qd3 Rb8 37. Kf2 Qb5 38. Qxb5 Rxb5 39. h4 Rb3 40.
Kg2 Rg3+ 0-1

[Event "16. Copenhagen Open"]
[Site "Copenhagen"]
[Date "1994.??.??"]
[Round "6"]
[White "Harestad, Hans"]
[Black "Molvig, Henrik"]
[Result "0-1"]
[WhiteElo "1990"]
[BlackElo "2240"]
[PlyCount "88"]
[EventDate "1994.??.??"]
[EventType "swiss"]
[EventRounds "10"]
[EventCountry "DEN"]
[SourceDate "2004.01.01"]

1. d4 Nf6 2. c4 g6 3. Nc3 Bg7 4. e4 d6 5. f3 O-O 6. Be3 e5 7. Nge2 c6 8. Qd2
Nbd7 9. Rd1 Re8 10. d5 c5 11. g4 h5 12. Bg5 hxg4 13. fxg4 Qa5 14. h3 Nh7 15.
Be3 a6 16. Ng3 Rb8 17. Bd3 b5 18. O-O bxc4 19. Bb1 Qd8 20. g5 f6 21. gxf6 Ndxf6
22. Kh2 Qd7 23. Qg2 Rxb2 24. Rd2 Rxd2 25. Bxd2 Kh8 26. Bc2 Qe7 27. Bd1 Ng8 28.
Rg1 Rf8 29. Be2 Bh6 30. Bxh6 Nxh6 31. Nh1 Qh4 32. Qg3 Qxg3+ 33. Rxg3 Kg7 34.
Bxc4 Nf6 35. Be2 Rf7 36. Kg1 Kh7 37. Nf2 Nhg8 38. Na4 Rb7 39. Bxa6 Rb1+ 40. Bf1
Ba6 41. Nd3 Nxe4 42. Rf3 Nd2 43. Rf7+ Kh8 44. Nab2 Rxf1+ 0-1

[Event "16. Copenhagen Open"]
[Site "Copenhagen"]
[Date "1994.??.??"]
[Round "6"]
[White "Holstein, Erik"]
[Black "Bogdanov, Dimitri"]
[Result "1/2-1/2"]
[WhiteElo "2130"]
[BlackElo "2090"]
[PlyCount "53"]
[EventDate "1994.??.??"]
[EventType "swiss"]
[EventRounds "10"]
[EventCountry "DEN"]
[SourceDate "2004.01.01"]

1. e4 d6 2. d4 Nf6 3. Bd3 g6 4. c4 Bg7 5. Nc3 Nc6 6. Nge2 O-O 7. f3 e5 8. d5
Nd4 9. Be3 Nh5 10. Qd2 f5 11. exf5 gxf5 12. Bg5 Bf6 13. Bxf6 Qxf6 14. Nxd4 exd4
15. Ne2 Bd7 16. O-O-O c5 17. g4 fxg4 18. fxg4 Nf4 19. Nxf4 Qxf4 20. Rhf1 Qxd2+
21. Kxd2 h6 22. Rde1 Rxf1 23. Rxf1 Rf8 24. Bf5 Kg7 25. Kd3 Bxf5+ 26. gxf5 Kf7
27. Re1 1/2-1/2

[Event "16. Copenhagen Open"]
[Site "Copenhagen"]
[Date "1994.??.??"]
[Round "6"]
[White "Hvenekilde, Jorgen"]
[Black "Mortensen, Erling"]
[Result "0-1"]
[WhiteElo "2320"]
[BlackElo "2470"]
[PlyCount "66"]
[EventDate "1994.??.??"]
[EventType "swiss"]
[EventRounds "10"]
[EventCountry "DEN"]
[SourceDate "2004.01.01"]

1. d4 Nf6 2. c4 g6 3. Nc3 Bg7 4. e4 d6 5. f3 O-O 6. Be3 c5 7. Nge2 Nc6 8. Qd2
cxd4 9. Nxd4 Nxd4 10. Bxd4 Be6 11. Rc1 Qa5 12. Be2 Rfc8 13. b3 a6 14. O-O b5
15. cxb5 axb5 16. Rc2 Nxe4 17. fxe4 Bxd4+ 18. Qxd4 b4 19. Bc4 Bxc4 20. Nd5 Bxd5
21. Rxc8+ Rxc8 22. Qxd5 Qxd5 23. exd5 Rc5 24. Rd1 Rc2 25. Rd4 Rxa2 26. Rxb4 Rd2
27. Rb5 Kg7 28. h4 f5 29. Kf1 Kf6 30. g3 h6 31. b4 g5 32. hxg5+ hxg5 33. Ra5
Rb2 0-1

[Event "16. Copenhagen Open"]
[Site "Copenhagen"]
[Date "1994.??.??"]
[Round "6"]
[White "Jensen, Find"]
[Black "Costello, Colin"]
[Result "1-0"]
[WhiteElo "1970"]
[BlackElo "2160"]
[PlyCount "87"]
[EventDate "1994.??.??"]
[EventType "swiss"]
[EventRounds "10"]
[EventCountry "DEN"]
[SourceDate "2004.01.01"]

1. e4 e6 2. Nf3 d5 3. e5 c5 4. b4 cxb4 5. a3 Nc6 6. axb4 Bxb4 7. c3 Be7 8. d4
f6 9. Bd3 Qc7 10. Kf1 fxe5 11. dxe5 Bd7 12. Be3 Nh6 13. Na3 Bxa3 14. Rxa3 Nf7
15. Qe2 O-O 16. h4 Ncxe5 17. Bxh7+ Kh8 18. Bf4 Qc4 19. Nxe5 Nxe5 20. Bxe5 Qxe2+
21. Kxe2 Kxh7 22. f4 a5 23. g4 Kg6 24. h5+ Kh7 25. g5 b5 26. g6+ Kh6 27. Kf3
Rf5 28. Kg4 Bc6 29. Rh2 Be8 30. Bd6 Ra6 31. Be7 Bxg6 32. hxg6+ Kxg6 33. Bd8 Rc6
34. Bxa5 Rc4 35. Rf2 e5 36. Rb3 exf4 37. Rxb5 f3+ 38. Kg3 Rcf4 39. Rb6+ Kh5 40.
Rh2+ Kg5 41. Rb4 d4 42. Bd8+ Kg6 43. Rxd4 Rxd4 44. cxd4 1-0

[Event "16. Copenhagen Open"]
[Site "Copenhagen"]
[Date "1994.??.??"]
[Round "6"]
[White "Mortensen, Beatrix"]
[Black "Hyldkrog, Lars"]
[Result "1-0"]
[WhiteElo "2100"]
[BlackElo "2090"]
[PlyCount "69"]
[EventDate "1994.??.??"]
[EventType "swiss"]
[EventRounds "10"]
[EventCountry "DEN"]
[SourceDate "2004.01.01"]

1. e4 e6 2. d4 d5 3. e5 c5 4. c3 Nc6 5. Nf3 Qb6 6. a3 c4 7. g3 Bd7 8. Nbd2 Na5
9. Bg2 O-O-O 10. O-O Be7 11. Rb1 f5 12. exf6 gxf6 13. Re1 h5 14. Nh4 Be8 15.
Bh3 f5 16. Rxe6 Nc6 17. Nxf5 Bd7 18. Re1 Bf8 19. Nf3 Bxa3 20. Bg5 Be7 21. Bxe7
Ngxe7 22. Nxe7+ Nxe7 23. Bxd7+ Rxd7 24. Ne5 Rc7 25. Qf3 a6 26. Nf7 Rf8 27. Nd6+
Qxd6 28. Qxf8+ Kd7 29. Re3 Rc8 30. Qf7 Re8 31. Rbe1 Kd8 32. Re6 Qd7 33. Qf6 Qc7
34. Rxe7 Rxe7 35. Qf8+ 1-0